Top 10 Uruguayan Football Transfer Records - Statistics

General Stats
  • This quiz has been taken 182 times
    63 since last reset
  • The average score is 9 of 10
Answer Stats
Rank Name Joined Left Season Fee % Correct
2 Luis Suárez FC Barcelona Liverpool FC 14/15 €81.72m
100%
9 Luis Suárez Liverpool FC Ajax Amsterdam 10/11 €26.50m
100%
1 Darwin Núñez Liverpool FC SL Benfica 22/23 €85.00m
97%
5 Darwin Núñez Al-Hilal SFC Liverpool FC 25/26 €53.00m
97%
7 Darwin Núñez SL Benfica UD Almería 20/21 €34.00m
97%
3 Edinson Cavani Paris Saint-Germain SSC Napoli 13/14 €64.50m
95%
4 Manuel Ugarte Paris Saint-Germain Sporting CP 23/24 €60.00m
83%
6 Manuel Ugarte Manchester United Paris Saint-Germain 24/25 €50.00m
83%
10 Manuel Ugarte Sporting CP FC Famalicão 21/22 €24.50m
83%
8 Lucas Torreira Arsenal FC UC Sampdoria 18/19 €28.65m
70%
No matching quizzes found
Score Distribution
Percent of People with Each Score
Percentile by Number Answered
Your Score History
You have not taken this quiz since the last reset